000 00714nam a2200241Ia 4500
003 OSt
005 20221006142935.0
006 a|||||r|||| 00| 0
007 ta
008 221006b |||||||| |||| 00| 0 eng d
020 _c153.90
024 _a7,596
037 _cTextual
040 _aEASL
_cEASL
_beng
041 _2eng
_aeng
082 _aY52.41.N11, L8
100 _aEbrey Patricia Buckley
_9238014
245 0 _aAristocratic families of early imperial China
_b A case study of the Po-Ling Ts'ui family
260 _aLondon
_bCambridge University Press
_c1978
300 _a240p.
_ccm.
942 _hY52.41.N11, L8
_cTEXL
_2CC
999 _c1075682
_d1075682